000 00721nam a2200205Ii 4500
003 JO-AjNU
008 230605s9999||||xx |||||||||||||| ||und||
017 _a2018/2/512
040 _aJO-AjNU
_bara
_erda
_cJO-AjNU
041 _aara
050 1 4 _aHF5415.33 .U33 2018
100 3 _aإعداد عبيدات، محمد ابراهيم,
_eauthor
_959268
245 0 0 _aسلوك المستهلك: دراسة مقارنة بين النهجين الإسلامي والرأسمالي
264 3 1 _aعمان: المؤلف، 2018
300 _a100ص
336 _atext
_btxt
_2rdacontent
337 _aunmediated
_bn
_2rdamedia
338 _avolume
_bnc
_2rdacarrier
650 4 _aسلوك المستهلك- التسويق
_959269
999 _aA26662
_c30230
_d30230